00458nam a2200169 a 4500008004100000020001800041050001900059100001900078245005000097260003700147300002200184350000900206650002300215650001300238700002000251700001700271101022s2008 ||||||||||||||||| || u a9781412934312 aHF 5415.32 Eas aVanhuele, Marc10aConsumer behaviour: applications in marketing aLondon:bSAGE Publicationsc2008 aviii, 334p.: ill. a0.00 aCONSUMER BEHAVIOUR 0aBUSINESS aWright, Malcolm aEast, Robert